Entry Personal Name
Number of records used in: 1
001 - CONTROL NUMBER
003 - CONTROL NUMBER IDENTIFIER
005 - DATE AND TIME OF LATEST TRANSACTION
- control field:
20200123093626.0
008 - FIXED-LENGTH DATA ELEMENTS
- fixed length control field:
861222n| acannaab| |n aaa |||
010 ## - LIBRARY OF CONGRESS CONTROL NUMBER
- LC control number:
n 85347764
040 ## - CATALOGING SOURCE
- Original cataloging agency:
DLC
- Transcribing agency:
DLC
- Modifying agency:
DLC
100 10 - HEADING--PERSONAL NAME
- Personal name:
Ronkainen, Ilkka A.
670 ## - SOURCE DATA FOUND
- Source citation:
Czinkota, M.R. Internat'l marketing, c1988:
- Information found:
CIP t.p. (Ilkka A. Ronkainen)
670 ## - SOURCE DATA FOUND
- Source citation:
Czinkota, M.R. International marketing strategy, c1994:
- Information found:
t.p. (Ilkka A. Ronkaninen; Georgetown Univ.)